000 00462nam a2200193Ia 4500
005 20240823024049.0
008 240823s9999||||xx |||||||||||||| ||und||
020 _a978-81-317-2697-2
041 _aENGLISH
082 _A620.5 P9
100 _aGeorge W Hanson
245 0 _aFundamentals of Nanoelectronics
250 _a1st
260 _c2009
_b"Pearson Education,"
500 _aYES
650 _aNano
_bNano Technology
942 _cBK
999 _c183031
_d183031